000 00683nam a2200277Ia 4500
005 20260324115318.0
008 008 260324s9999 xx 000 0 eng d
020 _a9781351261081
037 _aEBOOK
040 _aCRL
040 _beng
040 _cCRL
041 _2eng
041 _aeng
084 _qCRL
100 _aHemanta Doloi; Sally Donovan; Ray Green
_91154180
245 0 _aPlanning, Housing and Infrastructure for Smart Villages
260 _bTaylor and Francis
260 _c2018
365 _a
365 _b305
856 _uhttp://www.taylorfrancis.com/books/9781351261081
942 _cEBOOK
999 _c1744969
_d1744969